La invención de Morel / (Registro nro. 869)
[ vista simple ]
| 000 -LEADER | |
|---|---|
| fixed length control field | 01200nam a22002417a 4500 |
| 003 - CONTROL NUMBER IDENTIFIER | |
| control field | AR-Ro UNCS |
| 005 - DATE AND TIME OF LATEST TRANSACTION | |
| control field | 20260203154154.0 |
| 008 - FIXED-LENGTH DATA ELEMENTS--GENERAL INFORMATION | |
| fixed length control field | 230530s1991 ag gr 000 f spa |
| 015 ## - NATIONAL BIBLIOGRAPHY NUMBER | |
| National bibliography number | AR-1991 |
| 020 ## - INTERNATIONAL STANDARD BOOK NUMBER | |
| International Standard Book Number | 950-047-0179-7 |
| 040 ## - CATALOGING SOURCE | |
| Original cataloging agency | AR-BaBN |
| Language of cataloging | spa |
| Transcribing agency | AR-RoUNCS |
| Description conventions | aacr |
| 080 1# - UNIVERSAL DECIMAL CLASSIFICATION NUMBER | |
| Universal Decimal Classification number | 82-32(82) |
| Edition identifier | 2016 |
| 100 1# - MAIN ENTRY--PERSONAL NAME | |
| Personal name | Bioy Casares, Adolfo, |
| Dates associated with a name | 1914-1999 |
| Relator term | autor |
| Relationship | aut |
| 245 13 - TITLE STATEMENT | |
| Title | La invención de Morel / |
| Statement of responsibility, etc. | Adolfo Bioy Casares. |
| 250 ## - EDITION STATEMENT | |
| Edition statement | 20a reimp. |
| 260 ## - PUBLICATION, DISTRIBUTION, ETC. | |
| Place of publication, distribution, etc. | Buenos Aires : |
| Name of publisher, distributor, etc. | Emecé, |
| Date of publication, distribution, etc. | 1991. |
| 300 ## - PHYSICAL DESCRIPTION | |
| Extent | 155 p. ; |
| Dimensions | 20 cm. |
| 490 0# - SERIES STATEMENT | |
| Series statement | Escritores argentinos. |
| 520 #3 - SUMMARY, ETC. | |
| Summary, etc. | Un fugitivo, acosado por la justicia, llega en un bote de remos a una isla desierta sobre la que se alzan algunas cosntrucciones abandonadas. Pero un día, aquel hombre solitario siente que ya no lo es. En la isal han apàrecido otros seres humanos. Los observa, los espía, sigue sus pasos, procura sorprender sus conversaciones. Y aquí arranca el misterio, la continua alternativa entre la alusinación y la realidad que conduce poco a poco al fugitivo haasta el estupendo esclarecimiento de todos los enigmas. |
| 650 #7 - SUBJECT ADDED ENTRY--TOPICAL TERM | |
| Source of heading or term | embne |
| Topical term or geographic name entry element | Literatura argentina |
| 655 #7 - INDEX TERM--GENRE/FORM | |
| Genre/form data or focus term | Novelas cortas |
| Source of term | embne |
| 942 ## - ADDED ENTRY ELEMENTS (KOHA) | |
| Source of classification or shelving scheme | Universal Decimal Classification |
| Koha item type | Libro de préstamo a domicilio |
| Suppress in OPAC | No |
| Withdrawn status | Lost status | Source of classification or shelving scheme | Damaged status | Not for loan | Collection | Home library | Current library | Date acquired | Source of acquisition | Total checkouts | Full call number | Barcode | Date last seen | Price effective from | Koha item type |
|---|---|---|---|---|---|---|---|---|---|---|---|---|---|---|---|
| Universal Decimal Classification | Colección General | Biblioteca Escuela de Ciencias Sociales | Biblioteca Escuela de Ciencias Sociales | 03/02/2026 | Donación 2023 | 82-32(82) B616 | 000346 | 03/02/2026 | 03/02/2026 | Libro de préstamo a domicilio |